F1 Season: 1956 Race Winners - Statistics

General Stats
  • This quiz has been taken 125 times
  • The average score is 7 of 9
Answer Stats
Grand Prix Winner % Correct
- Juan Manuel Fangio
100%
British Juan Manuel Fangio
100%
German Juan Manuel Fangio
100%
Monaco Stirling Moss
96%
Italian Stirling Moss
96%
Argentine Luigi Musso
60%
Belgian Peter Collins
60%
French Peter Collins
60%
Indianapolis 500 Pat Flaherty
35%
No matching quizzes found
Score Distribution
Percent of People with Each Score
Percentile by Number Answered
Your Score History
You have not taken this quiz